La melancolía en la antigüedad: el problema XXX en Aristóteles

Guardat en:
Dades bibliogràfiques
Autor principal: Pizarro Herrmann, Alvaro (Autor)
Format: Llibre
Idioma:anglès
Publicat: Santiago Ediciones Universidad Católica de Chile 2017
Edició:1a. ed
Col·lecció:Lecturas Escogidas
Matèries:
Etiquetes: Afegir etiqueta
Sense etiquetes, Sigues el primer a etiquetar aquest registre!

MARC

LEADER 00000cam a2200000 a 4500
001 UCC1573
003 CL-VaPUC
008 171104e20170600cl |||||||||||||||||eng|d
020 |a 9789561420748 
082 0 4 |a 185  |b PIZ  |2 21 
100 0 |a Pizarro Herrmann, Alvaro  |e author  |9 595621 
245 1 3 |a La melancolía en la antigüedad: el problema XXX en Aristóteles 
250 |a 1a. ed 
300 |a 163 p 
942 |c BK 
945 |d 20171104 20:09:00  |a arojas 
260 |a Santiago  |b Ediciones Universidad Católica de Chile  |c 2017 
650 0 |a Melancolía  |9 385981 
650 0 |a Creatividad   |9 310816 
650 0 |a Filosofía antigua   |9 255705 
583 |a last modification  |c 20171104 20:09:00  |k Rodrigo Vera 
490 0 |a Lecturas Escogidas 
999 |c 369999  |d 369997 
952 |0 0  |1 0  |3 erb  |4 0  |6 185_000000000000000_PIZ_2017  |7 0  |8 A  |9 486243  |a BIBHIS  |b BIBHIS  |i 5433932  |l 1  |o 185 PIZ 2017  |p 5433932  |r 2025-01-20  |s 2023-07-04  |w 2019-11-24  |y BK  |z Catalogado en:20171104  |k HIS